000 00415nam a2200133Ia 4500
008 191023s9999 xx 000 0 und d
020 _a9781285445588
100 _aVerderber, Kathleen S.
245 _cKathleen S. Verderber, Deanna D. Sellnow, Rudolph F. Verderber.--
_aCOMM3 /
260 _aUSA :
_bCengage Learning
_c2015
300 _aix, 312 pages.
650 _aCommunication Arts.
650 _aPublic speaking
999 _c362324
_d362324